| 000 | 00964cab a2200241 4500 | ||
|---|---|---|---|
| 001 | WB3401-68 | ||
| 008 | 090401t1997 xxu||||| |||| 00| 0 eng d | ||
| 035 | _a(Sirsi) u82729 | ||
| 041 | _aeng | ||
| 245 | _aRepairing covenants | ||
| 260 | _c1997 | ||
| 350 | _a0 | ||
| 490 |
_aEstates Gazette Case Summaries _v[1997] EGCS 170 |
||
| 520 | _a"Crewe Services & Investment Corporation v Silk" CA 2 December 1997. Tenant breached repairing and other related covenants in the course of an agricultural tenancy. Whether judge had given undue weight to repairing costs when assessing damage to reversion. Tenant`s appeal allowed. | ||
| 650 | _aAGRICULTURAL HOLDINGS ACT 1986 | ||
| 650 | _aPROPERTY-LANDLORD AND TENANT-TENANCIES-AGRICULTURAL TENANCIES | ||
| 650 | _aBREACH OF COVENANTS | ||
| 650 | _aDIMINUTION IN VALUE | ||
| 650 | _aREPAIRING COVENANTS | ||
| 690 | _aLANDLORD AND TENANT-CASE LAW-AGRICULTURAL TENANCIES | ||
| 942 | _n0 | ||
| 948 | _c16/12/1997 | ||
| 999 |
_c52251 _d52251 |
||